00521nam a2200181Ia 4500008004200000041000800042082001500050100001600065245002600081250000900107260004200116300000900158440000600167650001900173906001700192999002100209952010900230240829s19981 xx 000 0 und d aeng a615.53 SHA aSHARMA P.V. aCHARAKA SAMHITA VOL.1 aN.D. aVARANSIbCHAUKHAMBA ORIENTALIAc19981 a544p v1 aCHARAKASAMHITA aKAYACHIKITSA c1181905d1181905 00104070aACPbACPd2024-08-30g300.00l0o615.53 SHApACP-BB-100r2024-08-30 00:00:00w2024-08-30yBK